• 首页
  • 本馆介绍
  • 公告通知
  • 最新文献
  • 馆藏检索
  • 电子资源
  • 读者导购
  • 参考咨询
  • 我的图书馆
  • 登录
  • 详细信息显示
  • 放入我的书架
  • 预约/预借图书
  • 作者相关作品
  • 分类相关作品
  • 丛书相关作品
  • 出版社相关作品

书目信息

  • 表格格式
  • 工作单格式
  • 卡片格式
题名:
饮食肴馔
    
 
作者: 司马法良 编著
分册:  
出版信息: 郑州   中州古籍出版社  2015.05
页数: 248页
开本: 26cm
丛书名:
单 册:
中图分类: TS971-49
科图分类:
主题词: 生活--供应技术
电子资源:
ISBN: 7-5348-5299-4
000 00559nam0 2200193 450
001 33
005 20160906083947.60
010    @a7-5348-5299-4@dCNY49.00
100    @a20160901d2015 km y0chiy0120 ea
101 0  @achi
102    @aCN@b410000
200 1  @a饮食肴馔@Ayin shi yao zhuan@f司马法良编著@Fsi ma fa liang bian zhu
210    @a郑州@c中州古籍出版社@d2015.05
215    @a248页@d26cm
606 0  @a生活@x供应技术
690    @aTS971-49@v4
701  0 @a司马法良@Asi ma fa liang@4编著
801  0 @aCN@b唐山师范学院图书馆@c20160901
905    @aZUCC@dTS971-49@e377
    
    饮食肴馔/司马法良编著.-郑州:中州古籍出版社,2015.05
    248页;26cm
    
    
    ISBN 7-5348-5299-4:CNY49.00
    
●
相关链接 在E读中查询图书 在五车中查询图书 在当当中查询图书 在豆瓣中查询图书


正题名:饮食肴馔     索取号:TS971-49/377         预约/预借

序号 登录号 条形码 馆藏地/架位号 状态 备注
1 900146   209001462   第二样本阅览室/ [索取号:TS971-49/377] 在馆    
2 900147   209001471   第三借阅区/ [索取号:TS971-49/377] 在馆    
3 900148   209001480   第三借阅区/ [索取号:TS971-49/377] 在馆    
4 900149   209001499   第三借阅区/ [索取号:TS971-49/377] 在馆    
5 900150   209001505   第三借阅区/ [索取号:TS971-49/377] 在馆    
唐山师范学院图书馆 欢迎您!
大连网信软件有限公司© 版权所有